Principles of bank operations / (Record no. 8492)
[ view plain ]
| 000 -LEADER | |
|---|---|
| fixed length control field | 00667cam a22002531 4500 |
| 001 - CONTROL NUMBER | |
| JCCL Control Number | 8492 |
| 003 - CONTROL NUMBER IDENTIFIER | |
| JCCL marc code | BD-JhCC |
| 005 - DATE AND TIME OF LATEST TRANSACTION | |
| control field | 20180919095020.0 |
| 008 - FIXED-LENGTH DATA ELEMENTS--GENERAL INFORMATION | |
| fixed length control field | 770325s1956 nyua 000 0 eng |
| 035 ## - SYSTEM CONTROL NUMBER | |
| system control number | (BD-JhCC)8492 |
| 035 ## - SYSTEM CONTROL NUMBER | |
| system control number | (OCoLC)2834146 |
| 040 ## - CATALOGING SOURCE | |
| Original cataloging agency | DLC |
| Transcribing agency | NSbSU |
| Modifying agency | NcRS |
| -- | DLC |
| 041 ## - LANGUAGE CODE | |
| Language code of Book | eng |
| 050 00 - LIBRARY OF CONGRESS CALL NUMBER | |
| Classification number | HG1601 |
| Item number | .A65 |
| 082 ## - DEWEY DECIMAL CLASSIFICATION NUMBER | |
| Classification number | 332.1 |
| Author mark and Year | PRI 1956 |
| 110 2# - MAIN ENTRY--CORPORATE NAME | |
| Corporate name or jurisdiction name as entry element | American Institute of Banking. |
| 245 10 - TITLE STATEMENT | |
| Title | Principles of bank operations / |
| Statement of responsibility, etc | American Institute of Banking. |
| 260 ## - PUBLICATION, DISTRIBUTION, ETC. (IMPRINT) | |
| Place of publication, distribution, etc | New York, |
| Date of publication, distribution, etc | [1956] |
| 300 ## - PHYSICAL DESCRIPTION | |
| Pagination | 404 p. |
| Other physical details | illus. |
| Dimensions | 24 cm. |
| 650 #0 - SUBJECT ADDED ENTRY--TOPICAL TERM | |
| Topical term or geographic name as entry element | Banks and banking |
| 740 0# - | |
| Uncontrolled related/analytical title | Bank operations. |
| 942 ## - ADDED ENTRY ELEMENTS (KOHA) | |
| Source of classification or shelving scheme | Dewey Decimal Classification |
| Koha item type | Books |
| Source of classification or shelving scheme | Damaged status | Not for loan | Home library | Current library | Shelving location | Date of accession | Total Checkouts | Full call number | Barcode | Date last seen | Copy number | Koha item type |
|---|---|---|---|---|---|---|---|---|---|---|---|---|
| Dewey Decimal Classification | JCC Rouf Library | JCC Rouf Library | General Stacks | 02/26/2018 | 332.1 PRI 1956 | 11238 | 02/26/2018 | C-1 | Books |